<?xml version="1.0" encoding="UTF-8"?>
<record
    xmlns:xsi="http://www.w3.org/2001/XMLSchema-instance"
    xsi:schemaLocation="http://www.loc.gov/MARC21/slim http://www.loc.gov/standards/marcxml/schema/MARC21slim.xsd"
    xmlns="http://www.loc.gov/MARC21/slim">

  <leader>00699nam a2200217Ia 4500</leader>
  <controlfield tag="003">GCL</controlfield>
  <controlfield tag="005">20240530102951.0</controlfield>
  <controlfield tag="008">140319s9999    xx            000 0 ara d</controlfield>
  <datafield tag="040" ind1=" " ind2=" ">
    <subfield code="a">GCL / </subfield>
    <subfield code="c">GCL</subfield>
  </datafield>
  <datafield tag="082" ind1="0" ind2="4">
    <subfield code="a">336.24</subfield>
    <subfield code="b">&#x645; &#x635;</subfield>
  </datafield>
  <datafield tag="100" ind1="1" ind2=" ">
    <subfield code="a">&#x645;&#x62D;&#x645;&#x62F; &#x62D;&#x633;&#x646; &#x627;&#x644;&#x62C;&#x632;&#x64A;&#x631;&#x64A;</subfield>
  </datafield>
  <datafield tag="245" ind1="1" ind2="0">
    <subfield code="a">&#x636;&#x631;&#x627;&#x626;&#x628; &#x627;&#x644;&#x62F;&#x62E;&#x644; &#x648;&#x636;&#x631;&#x64A;&#x628;&#x629; &#x627;&#x644;&#x627;&#x64A;&#x644;&#x648;&#x644;&#x629; &#x641;&#x649; &#x627;&#x644;&#x62A;&#x634;&#x631;&#x64A;&#x639; &#x627;&#x644;&#x645;&#x635;&#x631;&#x649; / </subfield>
    <subfield code="c">&#x645;&#x62D;&#x645;&#x62F; &#x62D;&#x633;&#x646; &#x627;&#x644;&#x62C;&#x632;&#x64A;&#x631;&#x64A;</subfield>
  </datafield>
  <datafield tag="260" ind1=" " ind2=" ">
    <subfield code="a">[S.N] : </subfield>
    <subfield code="b">&#x645;&#x643;&#x62A;&#x628;&#x629; &#x639;&#x64A;&#x646; &#x634;&#x645;&#x633; &#x60C; </subfield>
    <subfield code="c">1992</subfield>
  </datafield>
  <datafield tag="300" ind1=" " ind2=" ">
    <subfield code="a">479 &#x635;</subfield>
  </datafield>
  <datafield tag="650" ind1="0" ind2="4">
    <subfield code="a">&#x627;&#x644;&#x636;&#x631;&#x627;&#x626;&#x628;</subfield>
  </datafield>
  <datafield tag="650" ind1="0" ind2="4">
    <subfield code="a">&#x627;&#x644;&#x645;&#x62D;&#x627;&#x633;&#x628;&#x629;</subfield>
  </datafield>
  <datafield tag="650" ind1="0" ind2="4">
    <subfield code="a">&#x642;&#x648;&#x627;&#x646;&#x64A;&#x646; &#x648;&#x62A;&#x634;&#x631;&#x64A;&#x639;&#x627;&#x62A;</subfield>
  </datafield>
  <datafield tag="650" ind1="0" ind2="4">
    <subfield code="a">&#x636;&#x631;&#x627;&#x626;&#x628; &#x627;&#x644;&#x62F;&#x62E;&#x644;</subfield>
  </datafield>
  <datafield tag="700" ind1="1" ind2=" ">
    <subfield code="a">&#x631;&#x641;&#x64A;&#x642; &#x645;&#x62D;&#x645;&#x62F; &#x627;&#x644;&#x62C;&#x632;&#x64A;&#x631;&#x649;</subfield>
  </datafield>
  <datafield tag="942" ind1=" " ind2=" ">
    <subfield code="2">ddc</subfield>
    <subfield code="c">BK</subfield>
  </datafield>
  <datafield tag="999" ind1=" " ind2=" ">
    <subfield code="c">35754</subfield>
    <subfield code="d">35754</subfield>
  </datafield>
  <datafield tag="952" ind1=" " ind2=" ">
    <subfield code="0">0</subfield>
    <subfield code="1">0</subfield>
    <subfield code="4">0</subfield>
    <subfield code="7">0</subfield>
    <subfield code="a">CAI</subfield>
    <subfield code="b">CAI</subfield>
    <subfield code="d">2014-03-26</subfield>
    <subfield code="l">0</subfield>
    <subfield code="o">336.24\&#x645; &#x635;</subfield>
    <subfield code="p">87106</subfield>
    <subfield code="r">2014-03-26 00:00:00</subfield>
    <subfield code="w">2014-03-26</subfield>
    <subfield code="y">BK</subfield>
  </datafield>
</record>
